Los metales en nuestra historia (Registro nro. 321944)

Detalles MARC
000 -ENCABEZADO
Número de control [NR] 01037nam a22002537a 4500
005 - FECHA Y HORA DE LA ÚLTIMA TRANSACCIÓN
control field 20221207091617.0
008 - DE LONGITUD FIJA DE DATOS DE ELEMENTOS - INFORMACIÓN GENERAL
Elementos de longitud fija [NR] 221207s2021 pe a|||gr|||| 00| 0 spa d
020 ## - NUMERO INTERNACIONAL NORMALIZADO PARA LIBROS [R]
Número Internacional Normalizado del libro [NR] 9786124358104
040 ## - FUENTE DE CATALOGACION [NR]
Agencia de catalogación original [NR] CO-BoUCM
Idioma de catalogación [NR] spa
Quien Cataloga Deissy Garcia
Quien Clasifica Deissy Garcia
041 0# - CODIGO DE IDIOMA [R]
Código de idioma para texto/pista de sonido o título separado [R] Español
245 04 - MENCION DE TITULO [NR]
Título [NR] Los metales en nuestra historia
Mención de responsabilidad, etc. [NR] editores Roberto Lleras Pérez, Luisa Vetter Parodi
260 ## - PUBLICACION, DISTRIBUCION, ETC. (PIE DE IMPRENTA) [R]
Lugar de publicación, distribución, etc. [R] Lima
Nombre del editor, distribuidor, etc. [R] Instituto Francés de Estudios Andinos
-- Academia Colombiana de Historia
300 ## - DESCRIPCION FISICA [R]
Extensión [R] 620 páginas
Otros detalles físicos [NR] ilustraciones, mapas, gráficos
490 0# - MENCION DE SERIE [R]
Mención de serie [R] Travaux de l'Institut Francais d'Études Andines
504 ## - NOTA DE BIBLIOGRAFIA, ETC. [R]
Nota de bibliografía, etc. [NR] Incluye referencias bibliográficas
650 #7 - ASIENTO SECUNDARIO DE MATERIA - TERMINO TEMATICO [R]
Término temático o nombre geográfico como elemento de entrada [NR] Metalurgia
Subdivisión general [R] Historia
Subdivisión geográfica [R] América
9 (RLIN) 67638
650 #7 - ASIENTO SECUNDARIO DE MATERIA - TERMINO TEMATICO [R]
Término temático o nombre geográfico como elemento de entrada [NR] Arqueología
Subdivisión geográfica [R] América
9 (RLIN) 9379
650 #7 - ASIENTO SECUNDARIO DE MATERIA - TERMINO TEMATICO [R]
Término temático o nombre geográfico como elemento de entrada [NR] Antiguedades
Subdivisión geográfica [R] América
9 (RLIN) 176408
650 #7 - ASIENTO SECUNDARIO DE MATERIA - TERMINO TEMATICO [R]
Término temático o nombre geográfico como elemento de entrada [NR] Metalurgia precolombina
Subdivisión geográfica [R] América
9 (RLIN) 176409
700 ## - ASIENTO SECUNDARIO - NOMBRE PERSONAL [R]
9 (RLIN) 107825
Nombre personal [NR] Lleras Perez, Roberto
Término de relación [R] editor
700 1# - ASIENTO SECUNDARIO - NOMBRE PERSONAL [R]
9 (RLIN) 176407
Nombre personal [NR] Vetter Parodi, Luisa María
Término de relación [R] editor
942 ## - ELEMENTOS DE ENTRADA AGREGADOS (KOHA)
Sistema de clasificación DEWEY
Tipo de ítem principal el descrito en 300a Libro
Tema principal Ciencias aplicadas
Edición 1
Clasificación 669
Parte restante de la signatura top. M587
Título oculto en OPAC No
Existencias
Fecha de último préstamo Total préstamos Total Renewals Signatura topográfica Código de barras Última vez visto Ejemplar Costo de reposición Price effective from Tipo de ítem Perdido Sistema de clasificación Dañado No prestable Tipo de ítem específico Suprimido Ubicación habitual Ubicación actual Localización Fecha de creación Forma de adquisición Costo
09/12/2025 1 2 669 M587 100170490 09/12/2025 Ej.1 26000.00 07/12/2022 Libro   DEWEY     Libro   Claustro Claustro 4to piso 07/12/2022 Donación 0.00